Music Quiz

Random Music or Lyrics Quiz

Figure Out the Lyrics (Taylor Swift) Quiz Stats

 Plays Quiz Updated Sep 24, 2016

Score 0/291 Timer 08:00
0 Plays Today
% Correct
Chorus
100%
I
91.9%
I
91.9%
I
91.9%
I
91.9%
I
91.9%
I
91.9%
I
91.6%
I
91.6%
I
91.6%
I
91.6%
a
89.3%
a
89.3%
a
89.3%
a
89.3%
a
89.3%
you
89.2%
you
89.2%
you
89.2%
you
89.2%
you,
89.2%
you
89.2%
You
89.2%
you
89.2%
you
89.2%
you
89.2%
You
89.2%
you
89.2%
you
88.6%
you
88.6%
you
88.6%
you
88.6%
you
88.6%
you
88.6%
you
88.6%
you
88.6%
You
88.6%
you
88.6%
you
88.6%
You
88.6%
the
85.7%
the
85.7%
the
85.7%
the
85.7%
the
85.7%
the
85.7%
the
85.7%
the
85%
the
85%
the
85%
me,
83.1%
me.
83.1%
me
82.5%
me
82.5%
me
82.5%
me
82.5%
me
82.5%
me?
82.5%
me
82.5%
be.
79.1%
and
79.1%
and
79.1%
and
79.1%
and
79.1%
And
79.1%
and
78.3%
And
78.3%
and
78.3%
on
77.3%
on
77.3%
on
77.3%
to
76.4%
to
76.4%
to
76.4%
to
75.9%
to
75.9%
do.
75.4%
do.
75.4%
your
74.8%
your
74.8%
your
74.8%
your
74.8%
she
74.5%
she
74.5%
she
74.5%
she
74.5%
with
74.2%
with
74.2%
with
74.2%
with
74.2%
with
74.2%
your
73.9%
your
73.9%
your
73.9%
with
73.7%
with
73.4%
with
73.4%
% Correct
with
73.4%
with
73.4%
with
73.4%
so
73.2%
that
73.2%
that
73.2%
that
73.2%
that
73.2%
that.
73.2%
that?
73.2%
in
72.8%
in
72.8%
in
72.2%
it
71.8%
it
71.8%
I'm
70.8%
I'm
70.8%
I'm
70.8%
I'm
70.8%
like
70.7%
like
70.7%
like
70.7%
like
70.7%
of
70.1%
of
70.1%
I'm
70%
you're
69.5%
You're
69.2%
you're
69.2%
up
68.7%
up
68.7%
girl
68.6%
you're
68.3%
belong
68.1%
belong
68.1%
she's
67.5%
she's
67.5%
she's
67.5%
belong
67.3%
belong
67.3%
belong
67.3%
belong
67.3%
belong
67.3%
belong
67.3%
when
67.3%
see
67.2%
see?
67.2%
when
66.8%
for
66.5%
get
66.2%
who
66%
phone
65.7%
my
65.5%
who
65.4%
know
65.3%
know
65.3%
about
65.2%
about
65.2%
girlfriend
65.2%
what
65.2%
what
65.2%
said
65.1%
can't
64.9%
can't
64.9%
know?
64.8%
know
64.8%
know
64.8%
know
64.8%
know
64.8%
my
64.6%
'bout
64.4%
'bout
64.4%
why
64.2%
wear
64.2%
cheer
63.9%
doesn't
63%
doesn't
63%
bleachers
63%
time.
63%
going
62.8%
captain
62.5%
upset
62.4%
time
62.3%
short
62%
is
61.9%
something
61.9%
been
61.4%
been
61.4%
here
61.3%
here
61.3%
skirts,
61.3%
it's
61.3%
day
61.1%
night
60.8%
one
60.8%
T-shirts
60.2%
it's
60.2%
% Correct
all
60.1%
off
60%
one
60%
never
59.9%
night
59.7%
all
59.5%
has
59.3%
wears
59%
whole
58.3%
whole
58.3%
humor
58%
room
57.4%
looking
57.2%
this
56.9%
this
56.9%
this
56.9%
Tuesday
56.8%
music
56.6%
wake
56.4%
this
56.4%
typical
56.3%
could
56%
could
56%
find
55.7%
could
55.6%
story
55.4%
listening
55.4%
dreaming
54.8%
But
54.4%
how
54.1%
kind
54.1%
how
53.9%
understands
52.4%
along,
52.4%
If
51.8%
Think
51.4%
think
51.4%
she'll
48.9%
'cause
48.3%
out
47.1%
thinking
46.5%
thinking
46.5%
have
46.2%
smile
43.5%
jeans
43.5%
got
43.3%
Hey
43.3%
Hey
43.2%
not
41.5%
light
41.4%
down.
41.1%
isn't
41%
help
40.9%
you've
40.9%
bench
40.2%
easy?
40.2%
town.
40%
worn
40%
seen
39.7%
while
39.6%
say
39.4%
than
39.4%
doing
39.1%
park
38.9%
myself,
38.9%
haven't
38.8%
better
38.1%
since
37.9%
where
37.3%
ought
36.9%
brought
36.8%
laugh
36.5%
ever
33.4%
Walking
32.4%
streets
32%
Laughing
31.5%
back
31.1%
fine
30.5%
at
30%
Baby,
29.5%
cry
29.3%
just
28.9%
tell
28.6%
middle
27.1%
dreams
25.7%
makes
24.3%
house
23.5%
favorite
23.2%
songs
23.1%
waiting
23.1%
door
22.6%
thought
22.3%
by
21.8%
maybe
21.3%
Standing
21.1%
remember
20.7%
driving
19%

You're not logged in!

Compare scores with friends on all Sporcle quizzes.
OR
Log In

Sporcle TV

Today on Sporcle TV


Watch our educational content, quiz creation guides, and fun videos on Sporcle TV.

Show Comments

Extras

Top Quizzes Today


Score Distribution

Your Account Isn't Verified!

In order to create a playlist on Sporcle, you need to verify the email address you used during registration. Go to your Sporcle Settings to finish the process.

Report this User

Report this user for behavior that violates our Community Guidelines.

Details: